banner-ar

موجز قواعد الفهرسة الانجلو امريكية / (Record no. 29114)

MARC details
000 -الفاتح
حقل البيانات ثابتة الطول 00769nam a2200229Ia 4500
008 - عناصر البيانات ثابتة الطول - معلومات عامة
حقل البيانات ثابتة الطول 140319s9999 xx 000 0 ara d
040 ## - مصدر الفهرسة
وكالة الفهرسة الأصلية GCL /
وكالة النسخ GCL
082 04 - رقم تصنيف ديوى العشرى
رقم التصنيف 025.3
رقم المادة ج م
100 1# - المدخل الرئيسى - إسم شخصى
الإسم الشخصى محمد فتحى عبدالهادى
245 10 - بيان العنوان
العنوان موجز قواعد الفهرسة الانجلو امريكية /
بيان المسئوليه,etc محمد فتحى عبدالهادى
700 1# - المدخل الاضافى - اسم شخصى
الإسم الشخصى جورمان، ميشيل
700 1# - المدخل الاضافى - اسم شخصى
الإسم الشخصى نبيلة خليفة جمعة
260 ## - PUBLICATION, DISTRIBUTION, ETC. (IMPRINT)
تاريخ النشر أو التوزيع 1992
300 ## - الوصف المادى
التعداد 251
490 ## - بيان السلسلة
عنوان السلسلة
650 04 - المدخل الاضافى بالموضوع-مصطلح موضوعى
مصطلح موضوعي المعارف العامة
650 04 - المدخل الاضافى بالموضوع-مصطلح موضوعى
مصطلح موضوعي الفهرسة
650 04 - المدخل الاضافى بالموضوع-مصطلح موضوعى
مصطلح موضوعي المكتبات
650 04 - المدخل الاضافى بالموضوع-مصطلح موضوعى
مصطلح موضوعي التقنين الانجلو امريكى للفهرسة
942 ## - عناصر المدخل الإضافي( كوها)
مصدر التصنيف او مخطط الترفيف Dewey Decimal Classification
Koha [default] item type كتاب
260 ## - PUBLICATION, DISTRIBUTION, ETC. (IMPRINT)
-- [S.N] :
-- الدار المصرية اللبنانية ،
Holdings
حالة التراجع حالة الفقد حالة تلف ليس للاعارة المكان المؤقت الموقع الحالى تاريخ الاكتساب اجمالي اﻻعارات رقم الطلب الباركود تاريخ اخر مشاهدة تاريخ تفعيل السعر نوع وعاء كوها مصدر التصنيف او خطة الترفيف موقع الترفيف
        مكتبة القاهرة الكبرى مكتبة القاهرة الكبرى 03/26/2014   025.3\ج م 66566 03/26/2014 03/26/2014 كتاب    
        مكتبة القاهرة الكبرى مكتبة القاهرة الكبرى 03/26/2014   025.3\ج م 66567 03/26/2014 03/26/2014 كتاب    
        مكتبة القاهرة الكبرى مكتبة القاهرة الكبرى 04/23/2018   025.3 ج م 164552 04/23/2018 04/23/2018 كتاب ddc القاعة الرئيسية
        مكتبة القاهرة الكبرى مكتبة القاهرة الكبرى 04/23/2018   025.3 ج م 164553 04/23/2018 04/23/2018 كتاب ddc القاعة الرئيسية

Powered By

EGPV